[Event "2. Bundesliga Mitte 2013/2014"]
[Site "Steyregg"]
[Date "2014.04.06"]
[Round "11"]
[Board "4"]
[White "Pesorda, Ivan"]
[Black "Hiermann, Dietmar"]
[Result "0-1"]
[WhiteElo "2246"]
[BlackElo "2290"]
[PlyCount "68"]
[EventDate "2013.10.04"]
[EventType "team"]
[EventRounds "11"]
[EventCountry "AUT"]
[WhiteTeam "Strassenbahn Graz"]
[BlackTeam "Spg. Sauwald"]

1. d4 d5 2. c4 c6 3. cxd5 cxd5 4. Nc3 Nf6 5. Nf3 Nc6 6. Bf4 a6 7. e3 e6 8. Bd3
Bd6 9. Bxd6 Qxd6 10. O-O O-O 11. Rc1 b5 12. Qe2 Bb7 13. a4 b4 14. Nb1 Ne4 15.
Nbd2 Nxd2 16. Qxd2 Na5 17. Rc5 Nb3 18. Bxh7+ Kh8 19. Qxb4 Nxc5 20. dxc5 Qe7 21.
Bb1 Rfc8 22. Rc1 Kg8 23. Qd4 Bc6 24. Ne5 Be8 25. Qd3 Qf6 26. f4 g6 27. Qd4 Qg7
28. g4 f6 29. Nd3 a5 30. Rc2 Bc6 31. g5 f5 32. Ne5 Rab8 33. Ba2 Rb4 34. Qd2
Bxa4 0-1

[Event "2. Bundesliga Mitte 2013/2014"]
[Site "Steyregg"]
[Date "2014.04.06"]
[Round "11"]
[Board "5"]
[White "Testor, Sebastian"]
[Black "Steiner, Stefan"]
[Result "0-1"]
[WhiteElo "2308"]
[BlackElo "2284"]
[PlyCount "84"]
[EventDate "2013.10.04"]
[EventType "team"]
[EventRounds "11"]
[EventCountry "AUT"]
[WhiteTeam "Spg. Sauwald"]
[BlackTeam "Strassenbahn Graz"]

1. c4 c5 2. g3 g6 3. Bg2 Bg7 4. Nc3 Nc6 5. Nf3 d6 6. O-O e5 7. a3 Nge7 8. b4
O-O 9. Rb1 Rb8 10. d3 h6 11. Ne1 f5 12. b5 Nd4 13. e3 Ne6 14. Nd5 Nxd5 15. cxd5
Ng5 16. f4 Nf7 17. Nf3 Re8 18. Re1 Bd7 19. Nd2 Ra8 20. Nc4 a6 21. bxa6 b5 22.
fxe5 dxe5 23. Nd2 Rxa6 24. Qc2 Qc7 25. Bb2 Rc8 26. Rbc1 Nd6 27. d4 exd4 28.
Bxd4 Bxd4 29. exd4 c4 30. Nb3 Qa7 31. Nc5 Rxc5 32. dxc5 Qxc5+ 33. Qf2 Qxf2+ 34.
Kxf2 Rxa3 35. Ra1 Rxa1 36. Rxa1 b4 37. Ke3 b3 38. Rb1 Nb5 39. Bf1 Nc3 40. Rc1
b2 41. Rxc3 b1=Q 42. Bxc4 Qe4+ 0-1

[Event "2. Bundesliga Mitte 2013/2014"]
[Site "Steyregg"]
[Date "2014.04.06"]
[Round "11"]
[Board "6"]
[White "Detter, Peter"]
[Black "Niederwieser, Peter"]
[Result "1/2-1/2"]
[WhiteElo "2069"]
[BlackElo "2203"]
[PlyCount "67"]
[EventDate "2013.10.04"]
[EventType "team"]
[EventRounds "11"]
[EventCountry "AUT"]
[WhiteTeam "Strassenbahn Graz"]
[BlackTeam "Spg. Sauwald"]

1. c4 c6 2. e4 d5 3. exd5 cxd5 4. cxd5 Nf6 5. Bb5+ Nbd7 6. Nc3 a6 7. Qa4 g6 8.
Nge2 Bg7 9. O-O O-O 10. Bxd7 Qxd7 11. Qxd7 Bxd7 12. d4 b5 13. b4 Rfd8 14. Bg5
Bf5 15. Ng3 Bd3 16. Rfd1 Bc4 17. Rac1 Bxd5 18. Nxd5 Rxd5 19. Be3 h5 20. Rc5 e6
21. Rdc1 Rd7 22. Rc8+ Rxc8 23. Rxc8+ Kh7 24. Rc6 h4 25. Ne2 Nd5 26. a3 Ra7 27.
h3 a5 28. Nc3 axb4 29. axb4 Ra1+ 30. Kh2 Nxc3 31. Rxc3 Rb1 32. Rc7 Kg8 33. Rc8+
Kh7 34. Rc7 1/2-1/2

[Event "2. Bundesliga Mitte 2013/2014"]
[Site "Steyregg"]
[Date "2014.04.06"]
[Round "11"]
[Board "1"]
[White "Nemeth, Miklos"]
[Black "Poetz, Florian"]
[Result "1-0"]
[WhiteElo "2482"]
[BlackElo "2431"]
[PlyCount "55"]
[EventDate "2013.10.04"]
[EventType "team"]
[EventRounds "11"]
[EventCountry "AUT"]
[WhiteTeam "SV Steyregg"]
[BlackTeam "SK Sparkasse Fuerstenfeld"]

1. e4 {[%emt 0:00:00]} c5 {[%emt 0:00:00]} 2. Nf3 e6 3. d4 cxd4 4. Nxd4 a6 5.
Bd3 Bc5 6. Nb3 Be7 7. c4 d6 8. Nc3 Nd7 9. Be3 Qc7 10. Rc1 b6 11. O-O Ngf6 12.
f4 Bb7 13. Qf3 Rc8 14. Qh3 Qb8 15. Rce1 g6 16. Nd4 Nc5 17. Bb1 Ncd7 18. Bd3 Nc5
19. Bd2 Nxd3 20. Qxd3 O-O 21. f5 Qc7 22. b3 exf5 23. exf5 Rfe8 24. fxg6 fxg6
25. Re6 Kg7 26. Bg5 Ng8 27. Rxg6+ Kh8 28. Rf7 1-0

[Event "2. Bundesliga Mitte 2013/2014"]
[Site "Steyregg"]
[Date "2014.04.06"]
[Round "11"]
[Board "2"]
[White "Kuba, Guenter"]
[Black "Cifka, Stanislav"]
[Result "1/2-1/2"]
[WhiteElo "2378"]
[BlackElo "2411"]
[PlyCount "26"]
[EventDate "2013.10.04"]
[EventType "team"]
[EventRounds "11"]
[EventCountry "AUT"]
[WhiteTeam "SK Sparkasse Fuerstenfeld"]
[BlackTeam "SV Steyregg"]

1. e4 c5 2. Nf3 e6 3. g3 Nc6 4. Bg2 d5 5. exd5 exd5 6. d4 Bg4 7. O-O Nxd4 8.
Qe1+ Be6 9. Nxd4 cxd4 10. Qe5 Qf6 11. Qc7 Qe7 12. Qe5 Qf6 13. Qc7 Qe7 1/2-1/2

[Event "2. Bundesliga Mitte 2013/2014"]
[Site "Steyregg"]
[Date "2014.04.06"]
[Round "11"]
[Board "3"]
[White "Burlacu, Bogdan"]
[Black "Feher, Adam"]
[Result "1/2-1/2"]
[WhiteElo "2342"]
[BlackElo "2395"]
[PlyCount "62"]
[EventDate "2013.10.04"]
[EventType "team"]
[EventRounds "11"]
[EventCountry "AUT"]
[WhiteTeam "SV Steyregg"]
[BlackTeam "SK Sparkasse Fuerstenfeld"]

1. e4 e5 2. Nf3 Nc6 3. Bb5 a6 4. Ba4 Nf6 5. d3 b5 6. Bb3 Bc5 7. c3 d6 8. O-O
O-O 9. Re1 h6 10. Nbd2 Be6 11. Bc2 Bb6 12. Nf1 Re8 13. Be3 Bxe3 14. Nxe3 d5 15.
exd5 Nxd5 16. Nxd5 Bxd5 17. Re3 Re6 18. Qe2 Qe7 19. Bb3 Rd8 20. h3 Qd6 21. Re1
Bxb3 22. axb3 Rde8 23. b4 Qd5 24. Nd2 a5 25. bxa5 Nxa5 26. b4 Nc6 27. Ne4 Ra8
28. Qf3 Qd8 29. Nc5 Rf6 30. Qe4 Ra2 31. R3e2 Rxe2 1/2-1/2

[Event "2. Bundesliga Mitte 2013/2014"]
[Site "Steyregg"]
[Date "2014.04.06"]
[Round "11"]
[Board "4"]
[White "Radnetter, Georg"]
[Black "Enoeckl, Philipp"]
[Result "1-0"]
[WhiteElo "2257"]
[BlackElo "2339"]
[PlyCount "91"]
[EventDate "2013.10.04"]
[EventType "team"]
[EventRounds "11"]
[EventCountry "AUT"]
[WhiteTeam "SK Sparkasse Fuerstenfeld"]
[BlackTeam "SV Steyregg"]

1. Nf3 Nf6 2. g3 g6 3. Bg2 Bg7 4. c4 O-O 5. O-O d6 6. d4 Nc6 7. Nc3 a6 8. Qd3
Bf5 9. e4 Bg4 10. Be3 Nd7 11. Ne1 e5 12. d5 Nd4 13. f3 Nc5 14. Qd1 Bc8 15. Nc2
Nxc2 16. Qxc2 a5 17. a3 Na6 18. Rab1 f5 19. exf5 Bxf5 20. Ne4 Nc5 21. b4 axb4
22. axb4 Nxe4 23. fxe4 Bd7 24. c5 Bb5 25. Rxf8+ Qxf8 26. Qc1 Ra2 27. Ra1 Rxa1
28. Qxa1 Bh6 29. Bxh6 Qxh6 30. cxd6 cxd6 31. Qa8+ Qf8 32. Qxb7 Bd3 33. h4 g5
34. hxg5 Qd8 35. Bh3 Qxg5 36. Be6+ Kh8 37. Qc8+ Kg7 38. Qg8+ Kh6 39. Qf8+ Qg7
40. Qxg7+ Kxg7 41. Kf2 Kf6 42. Ke3 Bb5 43. Bf5 h6 44. Kf3 Ke7 45. Kg4 Be2+ 46.
Kh4 1-0

[Event "2. Bundesliga Mitte 2013/2014"]
[Site "Steyregg"]
[Date "2014.04.06"]
[Round "11"]
[Board "5"]
[White "Wiesinger, Robert"]
[Black "Hatzl, Stefan"]
[Result "1-0"]
[WhiteElo "2252"]
[BlackElo "2172"]
[PlyCount "89"]
[EventDate "2013.10.04"]
[EventType "team"]
[EventRounds "11"]
[EventCountry "AUT"]
[WhiteTeam "SV Steyregg"]
[BlackTeam "SK Sparkasse Fuerstenfeld"]

1. e4 c5 2. Nf3 d6 3. Bb5+ Bd7 4. Bxd7+ Qxd7 5. O-O Nc6 6. Qe2 e5 7. c3 Nge7 8.
Rd1 Ng6 9. d4 Qc7 10. b4 cxb4 11. d5 Nb8 12. cxb4 Be7 13. Be3 O-O 14. Na3 Qd7
15. Rac1 f5 16. Qb5 f4 17. Bd2 a6 18. Qxd7 Nxd7 19. Be1 Rfc8 20. Nd2 Kf7 21. f3
Bd8 22. Nb3 Ne7 23. Nc4 Bc7 24. Nca5 b6 25. Nc6 Nb8 26. Nxe7 Kxe7 27. Rc2 Ra7
28. Rdc1 Kd7 29. Bf2 Rb7 30. a4 Rg8 31. a5 b5 32. Bb6 Bd8 33. Kf2 g5 34. Rc6 h5
35. h3 g4 36. hxg4 hxg4 37. fxg4 Ke7 38. Rc8 Nd7 39. Bxd8+ Rxd8 40. Rxd8 Kxd8
41. Rc6 Ke7 42. Rxa6 Rc7 43. Rc6 Ra7 44. g5 Kf7 45. Rxd6 1-0

[Event "2. Bundesliga Mitte 2013/2014"]
[Site "Steyregg"]
[Date "2014.04.06"]
[Round "11"]
[Board "6"]
[White "Hatzl, Johannes"]
[Black "Holzmann, Herbert"]
[Result "1/2-1/2"]
[WhiteElo "2129"]
[BlackElo "2097"]
[PlyCount "62"]
[EventDate "2013.10.04"]
[EventType "team"]
[EventRounds "11"]
[EventCountry "AUT"]
[WhiteTeam "SK Sparkasse Fuerstenfeld"]
[BlackTeam "SV Steyregg"]

1. e4 {[%emt 0:00:00]} c5 {[%emt 0:00:00]} 2. c3 d6 3. Nf3 Nc6 4. d4 Nf6 5. Be2
cxd4 6. cxd4 e5 7. d5 Ne7 8. Nc3 Bd7 9. Qb3 Rb8 10. Be3 Nc8 11. h3 Be7 12. Nd2
O-O 13. O-O Ne8 14. Bb5 Bxb5 15. Qxb5 Bg5 16. Bxg5 Qxg5 17. Nf3 Qe7 18. Rac1 a6
19. Qd3 Nb6 20. Ne2 Nd7 21. Ng3 g6 22. b4 Ng7 23. Nd2 Rfc8 24. Rc2 Rxc2 25.
Qxc2 Ne8 26. Rc1 Nb6 27. Qb3 Qg5 28. Ngf1 Qd8 29. Ne3 Rc8 30. Ndc4 Nf6 31. f3
Nfd7 1/2-1/2

[Event "2. Bundesliga Mitte 2013/2014"]
[Site "Steyregg"]
[Date "2014.04.06"]
[Round "11"]
[Board "1"]
[White "Haba, Petr"]
[Black "Karner, Christoph"]
[Result "1-0"]
[WhiteElo "2498"]
[BlackElo "2343"]
[PlyCount "83"]
[EventDate "2013.10.04"]
[EventType "team"]
[EventRounds "11"]
[EventCountry "AUT"]
[WhiteTeam "Spg. Grieskirchen/Sedda B.Schallerbach"]
[BlackTeam "ESV Austria Graz"]

1. e4 Nf6 2. e5 Nd5 3. d4 d6 4. Nf3 dxe5 5. Nxe5 c6 6. Be2 Nd7 7. Nf3 g6 8. O-O
Bg7 9. Re1 O-O 10. Bf1 c5 11. c4 Nc7 12. Nc3 b6 13. dxc5 Nxc5 14. Bf4 N7e6 15.
Be5 Bb7 16. Nd5 Re8 17. Bxg7 Kxg7 18. b4 Nd7 19. Qb3 Bxd5 20. cxd5 Nc7 21. Ng5
Nf6 22. d6 Ncd5 23. Bb5 Qxd6 24. Bxe8 Rxe8 25. a3 Rc8 26. Qb2 Rc4 27. Ne4 Qc6
28. Rac1 b5 29. Nxf6 exf6 30. Rxc4 bxc4 31. Qd4 a6 32. Qc5 Qb5 33. Qxb5 axb5
34. Kf1 Kf8 35. g3 Nc7 36. Re4 Ne6 37. Ke1 Ke7 38. Kd2 Kd6 39. a4 Ng5 40. Rd4+
Ke5 41. Ke3 Ne6 42. f4+ 1-0

[Event "2. Bundesliga Mitte 2013/2014"]
[Site "Steyregg"]
[Date "2014.04.06"]
[Round "11"]
[Board "2"]
[White "Kotz, Heinz Peter"]
[Black "Kilgus, Georg"]
[Result "0-1"]
[WhiteElo "2339"]
[BlackElo "2430"]
[PlyCount "70"]
[EventDate "2013.10.04"]
[EventType "team"]
[EventRounds "11"]
[EventCountry "AUT"]
[WhiteTeam "ESV Austria Graz"]
[BlackTeam "Spg. Grieskirchen/Sedda B.Schallerbach"]

1. e4 d6 2. d4 Nf6 3. Nc3 g6 4. Bc4 Bg7 5. Qe2 Nc6 6. e5 Ng4 7. e6 Nxd4 8. Qxg4
Nxc2+ 9. Kd1 f5 10. Bb5+ c6 11. Qa4 Nd4 12. Nf3 cxb5 13. Nxb5 Nxf3 14. Nc7+ Kf8
15. Nxa8 Nd4 16. Qxa7 Bxe6 17. Be3 Nb5 18. Qxb7 Qa5 19. Nb6 Bxb2 20. Ke2 Qb4
21. Rac1 Nc3+ 22. Kd3 Qb5+ 23. Kc2 Qe2+ 24. Bd2 Bxc1 25. Rxc1 Ne4 26. Rd1 Kf7
27. f3 Nc5 28. Qa7 Qxg2 29. Re1 Qxf3 30. Bc3 Re8 31. Qa5 Rb8 32. Qb4 Nd3 33.
Qd4 Nxe1+ 34. Bxe1 Qc6+ 35. Bc3 Qxb6 0-1

[Event "2. Bundesliga Mitte 2013/2014"]
[Site "Steyregg"]
[Date "2014.04.06"]
[Round "11"]
[Board "3"]
[White "Schwabeneder, Florian"]
[Black "Fahrner, Kurt"]
[Result "1/2-1/2"]
[WhiteElo "2353"]
[BlackElo "2294"]
[PlyCount "89"]
[EventDate "2013.10.04"]
[EventType "team"]
[EventRounds "11"]
[EventCountry "AUT"]
[WhiteTeam "Spg. Grieskirchen/Sedda B.Schallerbach"]
[BlackTeam "ESV Austria Graz"]

1. e4 Nf6 2. e5 Nd5 3. d4 d6 4. Nf3 Bg4 5. Be2 c6 6. O-O e6 7. Ng5 Bf5 8. Bh5
g6 9. Bf3 h6 10. Ne4 Bxe4 11. Bxe4 dxe5 12. dxe5 Nd7 13. Qe2 Nc5 14. c4 Nxe4
15. Qxe4 Nb4 16. Nc3 Qd3 17. Rd1 Qxe4 18. Nxe4 Bg7 19. Nd6+ Ke7 20. Bf4 b6 21.
a3 Na6 22. b4 Nc7 23. Ra2 Rhd8 24. Rad2 Ne8 25. g4 Nxd6 26. Rxd6 Rxd6 27. Rxd6
Rc8 28. Kg2 Ke8 29. Kf3 g5 30. Bg3 Bf8 31. Rd3 a5 32. bxa5 bxa5 33. Ke4 Rb8 34.
f4 Be7 35. f5 a4 36. Bf2 Rb3 37. c5 Rxd3 38. Kxd3 exf5 39. gxf5 Bd8 40. Be1 Bc7
41. Bc3 f6 42. e6 Ke7 43. h3 h5 44. Ke4 Bh2 45. Kf3 1/2-1/2

[Event "2. Bundesliga Mitte 2013/2014"]
[Site "Steyregg"]
[Date "2014.04.06"]
[Round "11"]
[Board "4"]
[White "Spindelboeck, Gernot"]
[Black "Lentrodt, Thomas"]
[Result "1/2-1/2"]
[WhiteElo "2252"]
[BlackElo "2282"]
[PlyCount "95"]
[EventDate "2013.10.04"]
[EventType "team"]
[EventRounds "11"]
[EventCountry "AUT"]
[WhiteTeam "ESV Austria Graz"]
[BlackTeam "Spg. Grieskirchen/Sedda B.Schallerbach"]

1. d4 Nf6 2. c4 e6 3. Nf3 Bb4+ 4. Bd2 Qe7 5. g3 Nc6 6. Bg2 Bxd2+ 7. Nbxd2 d6 8.
O-O e5 9. d5 Nb8 10. e4 a5 11. Ne1 O-O 12. Nd3 Na6 13. Qc2 Bd7 14. Rac1 c6 15.
c5 cxd5 16. exd5 Bf5 17. cxd6 Qxd6 18. Nc4 Qd8 19. Qd2 e4 20. Nf4 Nb4 21. Ne3
Bg6 22. a3 Nd3 23. Nxg6 hxg6 24. Rcd1 b6 25. Bxe4 Nxb2 26. Qxb2 Nxe4 27. Qd4
Nd6 28. Nc4 Nxc4 29. Qxc4 Qd6 30. a4 Rac8 31. Qd4 Rc5 32. Rd2 Rfc8 33. Rfd1 Rc4
34. Qa1 Qd7 35. Rd4 Qd6 36. Rxc4 Rxc4 37. Qa2 Rc5 38. Qb3 Kf8 39. h4 Kg8 40.
Kg2 Kf8 41. Rd4 Kg8 42. Qf3 b5 43. axb5 Rxb5 44. Qe4 Rb8 45. Ra4 Qc5 46. Rc4
Qd6 47. Rc6 Qd7 48. Rc4 1/2-1/2

[Event "2. Bundesliga Mitte 2013/2014"]
[Site "Steyregg"]
[Date "2014.04.06"]
[Round "11"]
[Board "5"]
[White "Humer, Wolfgang"]
[Black "Ebner, Hubert"]
[Result "1-0"]
[WhiteElo "2267"]
[BlackElo "2244"]
[PlyCount "103"]
[EventDate "2013.10.04"]
[EventType "team"]
[EventRounds "11"]
[EventCountry "AUT"]
[WhiteTeam "Spg. Grieskirchen/Sedda B.Schallerbach"]
[BlackTeam "ESV Austria Graz"]

1. g3 c5 2. Bg2 g6 3. e4 Bg7 4. Ne2 Nc6 5. O-O d6 6. c3 e5 7. Na3 Nge7 8. Nc2
O-O 9. d4 cxd4 10. cxd4 exd4 11. Nexd4 Nxd4 12. Nxd4 d5 13. Bf4 dxe4 14. Nb5
Qxd1 15. Raxd1 Bg4 16. Rd2 Rfd8 17. Nd6 Bf3 18. b3 Rd7 19. Nxe4 Rxd2 20. Bxd2
Bxg2 21. Kxg2 h6 22. Rc1 Nd5 23. Nd6 b6 24. Kf3 f5 25. Rc6 Rd8 26. Nc8 Kf7 27.
Nd6+ Kg8 28. Nc8 Kf7 29. Ke2 Rd7 30. Rd6 Rxd6 31. Nxd6+ Ke6 32. Nc4 b5 33. Na3
a6 34. Kd3 g5 35. Nc2 Ne7 36. Nb4 a5 37. Na6 b4 38. Kc4 Nd5 39. Nc5+ Ke5 40. f3
Nc7 41. Nb7 g4 42. Bf4+ Ke6 43. Nc5+ Kf7 44. Bxc7 gxf3 45. Nd3 Kg6 46. Bxa5 Kh5
47. Bxb4 f4 48. Nxf4+ Kg4 49. Be1 h5 50. h3+ Kf5 51. Nxh5 Be5 52. Kd5 1-0

[Event "2. Bundesliga Mitte 2013/2014"]
[Site "Steyregg"]
[Date "2014.04.06"]
[Round "11"]
[Board "6"]
[White "Aschenbrenner, Robert"]
[Black "Schueller, Ernst"]
[Result "0-1"]
[WhiteElo "2279"]
[BlackElo "2204"]
[PlyCount "130"]
[EventDate "2013.10.04"]
[EventType "team"]
[EventRounds "11"]
[EventCountry "AUT"]
[WhiteTeam "ESV Austria Graz"]
[BlackTeam "Spg. Grieskirchen/Sedda B.Schallerbach"]

1. d4 b5 2. Nf3 Nf6 3. Bf4 e6 4. Nbd2 Bb7 5. e3 a6 6. h3 c5 7. c3 Nc6 8. Bd3 d5
9. O-O cxd4 10. exd4 Be7 11. Qe2 b4 12. Ne5 Nxe5 13. Bxe5 O-O 14. f4 bxc3 15.
bxc3 Ne4 16. f5 exf5 17. Rxf5 f6 18. Nxe4 fxe5 19. Rxf8+ Bxf8 20. Nf2 e4 21.
Bc2 a5 22. Rb1 Ba6 23. Qh5 g6 24. Qe5 Qd6 25. Qxd6 Bxd6 26. Bb3 Bb7 27. Nxe4
Be7 28. Ba4 Ba6 29. Nc5 Bc4 30. Rb7 Bh4 31. Bb3 Re8 32. Bxc4 dxc4 33. Nd7 Re1+
34. Kh2 Re3 35. g3 Bxg3+ 36. Kg2 Bh4 37. Ne5 Rxc3 38. Rc7 Rg3+ 39. Kh2 Ra3 40.
Rxc4 Rxa2+ 41. Kg1 Bf2+ 42. Kf1 Bg3 43. Rc8+ Kg7 44. Rc7+ Kf6 45. Ng4+ Kg5 46.
Rxh7 a4 47. Ra7 a3 48. Ra6 Kh4 49. Ne5 Kxh3 50. Rxg6 Rf2+ 51. Kg1 a2 52. Rh6+
Bh4 53. Rxh4+ Kxh4 54. Kxf2 a1=Q 55. Ke3 Kg5 56. Ke4 Qh1+ 57. Kd3 Kf5 58. Nc4
Ke6 59. Ne3 Qb1+ 60. Kc3 Qe4 61. Nc4 Qf3+ 62. Kc2 Kd5 63. Nd2 Qf5+ 64. Kc3 Qc8+
65. Kd3 Qh3+ 0-1

[Event "2. Bundesliga Mitte 2013/2014"]
[Site "Steyregg"]
[Date "2014.04.06"]
[Round "11"]
[Board "1"]
[White "Kreisl, Robert"]
[Black "Horvath, Adam"]
[Result "1/2-1/2"]
[WhiteElo "2435"]
[BlackElo "2528"]
[PlyCount "81"]
[EventDate "2013.10.04"]
[EventType "team"]
[EventRounds "11"]
[EventCountry "AUT"]
[WhiteTeam "SC MPOE Maria Saal II"]
[BlackTeam "RbEJ Gleisdorf"]

1. Nf3 Nf6 2. c4 e6 3. g3 d5 4. Bg2 dxc4 5. Qa4+ c6 6. Qxc4 b5 7. Qb3 Bb7 8.
O-O a6 9. Ne5 Qb6 10. d4 c5 11. Bxb7 Qxb7 12. a4 b4 13. dxc5 Bxc5 14. Be3 Nbd7
15. Nxd7 Nxd7 16. Nd2 O-O 17. Rac1 Bxe3 18. Qxe3 Nb6 19. a5 Nd5 20. Qe5 Rac8
21. Nb3 h6 22. Rfd1 Rxc1 23. Rxc1 Rc8 24. Rxc8+ Qxc8 25. e4 Nf6 26. Nc5 Nd7 27.
Nxd7 Qxd7 28. Qb8+ Kh7 29. Qxb4 Qd3 30. b3 f5 31. exf5 Qd1+ 32. Kg2 Qd5+ 33. f3
exf5 34. Qc3 Qd1 35. Qb2 g5 36. Qf2 Qd3 37. Qa7+ Kg8 38. Qc5 Qe2+ 39. Qf2 Qd3
40. Qc5 Qe2+ 41. Qf2 1/2-1/2

[Event "2. Bundesliga Mitte 2013/2014"]
[Site "Steyregg"]
[Date "2014.04.06"]
[Round "11"]
[Board "2"]
[White "Horvath, Tamas"]
[Black "Tratar, Marko"]
[Result "1/2-1/2"]
[WhiteElo "2392"]
[BlackElo "2480"]
[PlyCount "80"]
[EventDate "2013.10.04"]
[EventType "team"]
[EventRounds "11"]
[EventCountry "AUT"]
[WhiteTeam "RbEJ Gleisdorf"]
[BlackTeam "SC MPOE Maria Saal II"]

1. e4 e6 2. d4 d5 3. Nd2 c5 4. Ngf3 cxd4 5. exd5 Qxd5 6. Bc4 Qd7 7. Nb3 Qc7 8.
Bb5+ Bd7 9. Nbxd4 Bxb5 10. Nxb5 Qa5+ 11. Nc3 Nf6 12. O-O Be7 13. Qe2 Nc6 14.
Bd2 a6 15. Rfe1 O-O 16. a3 Rfd8 17. Rad1 Qb6 18. Bc1 h6 19. h3 Rxd1 20. Rxd1
Rd8 21. Rd3 Kf8 22. g3 Rxd3 23. Qxd3 Qd8 24. Qxd8+ Bxd8 25. Kf1 Bc7 26. Ke2 Ke7
27. Be3 e5 28. Nd2 Ke6 29. Kd3 h5 30. Nde4 Nxe4 31. Nxe4 b6 32. g4 hxg4 33.
hxg4 f6 34. f3 g6 35. c4 f5 36. gxf5+ gxf5 37. Nc3 e4+ 38. fxe4 Ne5+ 39. Kd4
Nf3+ 40. Kd3 Ne5+ 1/2-1/2

[Event "2. Bundesliga Mitte 2013/2014"]
[Site "Steyregg"]
[Date "2014.04.06"]
[Round "11"]
[Board "3"]
[White "Handler, Lukas"]
[Black "Sandner, Wolfgang"]
[Result "0-1"]
[WhiteElo "2388"]
[BlackElo "2206"]
[PlyCount "80"]
[EventDate "2013.10.04"]
[EventType "team"]
[EventRounds "11"]
[EventCountry "AUT"]
[WhiteTeam "SC MPOE Maria Saal II"]
[BlackTeam "RbEJ Gleisdorf"]

1. Nf3 {[%emt 0:00:00]} Nf6 {[%emt 0:00:00]} 2. c4 g6 3. Nc3 Bg7 4. e4 d6 5. d4
O-O 6. Be2 e5 7. O-O Nc6 8. d5 Ne7 9. Ne1 Ne8 10. f3 f5 11. Be3 f4 12. Bf2 h5
13. c5 Kh8 14. cxd6 cxd6 15. a4 Ng8 16. Nb5 a6 17. Na3 Ngf6 18. Nc4 Nd7 19. Qb3
Rg8 20. Rc1 g5 21. Nb6 Nxb6 22. Qxb6 Qe7 23. Kh1 Bf6 24. Nd3 g4 25. Rc4 Qg7 26.
Rfc1 gxf3 27. Bxf3 Bg4 28. Ne1 Bxf3 29. gxf3 Bd8 30. Qb4 Qd7 31. Qd2 Qh3 32.
Qe2 b5 33. axb5 axb5 34. R4c3 Rb8 35. Bg1 Rb7 36. Nd3 Rbg7 37. R3c2 h4 38. Rf1
Nf6 39. Ne1 Nh5 40. Bf2 Rg2 0-1

[Event "2. Bundesliga Mitte 2013/2014"]
[Site "Steyregg"]
[Date "2014.04.06"]
[Round "11"]
[Board "4"]
[White "Horvath, Sandor"]
[Black "Hartl, Daniel"]
[Result "1/2-1/2"]
[WhiteElo "2263"]
[BlackElo "2286"]
[PlyCount "87"]
[EventDate "2013.10.04"]
[EventType "team"]
[EventRounds "11"]
[EventCountry "AUT"]
[WhiteTeam "RbEJ Gleisdorf"]
[BlackTeam "SC MPOE Maria Saal II"]

1. e4 e5 2. Nf3 Nc6 3. Nc3 Nf6 4. d4 exd4 5. Nxd4 Bb4 6. Nxc6 bxc6 7. Bd3 d5 8.
exd5 cxd5 9. O-O O-O 10. h3 h6 11. Qf3 Be6 12. Ne2 Nd7 13. Bf4 Qf6 14. c3 Bc5
15. Qg3 c6 16. Rad1 Kh8 17. Bc2 Bf5 18. Bxf5 Qxf5 19. Bd6 Rfe8 20. Bxc5 Rxe2
21. Bd4 Nf6 22. b4 Rxa2 23. Qc7 Qd7 24. Qf4 Ng8 25. Ra1 Rxa1 26. Rxa1 a6 27.
Qe3 f6 28. Qd3 Qb7 29. Ra5 Ne7 30. Bc5 Nc8 31. Qe3 Na7 32. Bxa7 Rxa7 33. Qe8+
Kh7 34. Rc5 Qd7 35. Qxd7 Rxd7 36. Rxc6 d4 37. cxd4 Rxd4 38. Rb6 Kg6 39. Kf1 Kf5
40. Ke2 Ke4 41. Re6+ Kf5 42. Rb6 Ke4 43. Re6+ Kf5 44. Rb6 1/2-1/2

[Event "2. Bundesliga Mitte 2013/2014"]
[Site "Steyregg"]
[Date "2014.04.06"]
[Round "11"]
[Board "5"]
[White "Halvax, Georg"]
[Black "Knoll, Martin"]
[Result "1-0"]
[WhiteElo "2314"]
[BlackElo "2051"]
[PlyCount "51"]
[EventDate "2013.10.04"]
[EventType "team"]
[EventRounds "11"]
[EventCountry "AUT"]
[WhiteTeam "SC MPOE Maria Saal II"]
[BlackTeam "RbEJ Gleisdorf"]

1. e4 c6 2. d4 d5 3. e5 Bf5 4. h4 h5 5. Bg5 Qb6 6. Bd3 Bxd3 7. Qxd3 Qxb2 8. e6
Na6 9. exf7+ Kxf7 10. Nf3 Nh6 11. Ne5+ Kg8 12. c3 Qxa1 13. Qc2 Nb4 14. Qg6 Qxa2
15. cxb4 Qb3 16. O-O Qxb4 17. Qe6+ Kh7 18. Bxh6 Qd6 19. Qh3 Qxh6 20. Re1 Qf6
21. Re3 b6 22. Rf3 Qd6 23. Nf7 Qb8 24. Ng5+ Kh6 25. Rf7 e5 26. Qd7 1-0

[Event "2. Bundesliga Mitte 2013/2014"]
[Site "Steyregg"]
[Date "2014.04.06"]
[Round "11"]
[Board "6"]
[White "Ofner, Maximilian"]
[Black "Ertl, Johann"]
[Result "0-1"]
[WhiteElo "2077"]
[BlackElo "2260"]
[PlyCount "70"]
[EventDate "2013.10.04"]
[EventType "team"]
[EventRounds "11"]
[EventCountry "AUT"]
[WhiteTeam "RbEJ Gleisdorf"]
[BlackTeam "SC MPOE Maria Saal II"]

1. e4 e6 2. d4 d5 3. e5 c5 4. c3 Qb6 5. Nf3 Nc6 6. a3 Bd7 7. b4 cxd4 8. cxd4
Rc8 9. Bb2 Nh6 10. Bd3 Na5 11. Nbd2 Nc4 12. Bxc4 dxc4 13. Rc1 Qa6 14. O-O Nf5
15. Ne4 Bc6 16. Nc5 Bxc5 17. dxc5 O-O 18. Qe2 Rfd8 19. Rfd1 Qa4 20. Rxd8+ Rxd8
21. Qxc4 Bb5 22. Qc3 Rd3 23. Qe1 Qb3 24. Rb1 Qd5 25. Ng5 Rd2 26. Bc3 Nh4 27.
Qe4 Rd1+ 28. Rxd1 Qxd1+ 29. Qe1 Qg4 30. Qe4 Qxg5 31. f4 Qg4 32. Qxb7 Qd1+ 33.
Kf2 Qe2+ 34. Kg3 Nf5+ 35. Kh3 Qh5# 0-1